| 000 | 00448nam a22001577a 4500 | ||
|---|---|---|---|
| 999 |
_c160044 _d160044 |
||
| 005 | 20190114115759.0 | ||
| 010 | _aB-167046 | ||
| 020 |
_a0761933700 _c650.00 |
||
| 035 | _aB-167046 | ||
| 037 | _bSage Publications | ||
| 082 | _a338.9 | ||
| 245 |
_aReflections on the right to development _cArjun Sengupta et.al. |
||
| 260 |
_aNew Delhi _bSage Publications _c2005 |
||
| 300 |
_a366p. _c24cm(pbk) |
||
| 942 |
_2ddc _cEN _h338.9 _mREF |
||